Correspondencia: 1945-1970

Gardado en:
Detalles Bibliográficos
Autor Principal: Kawabata, Yasunari (Author)
Outros autores: Mishima, Yukio (autor)
Formato: Libro
Idioma:Lingua castelá
Publicado: Buenos Aires Emecé 2003
Edición:1a. ed
Series:Cornucopia
Subjects:
Tags: Engadir etiqueta
Sen Etiquetas, Sexa o primeiro en etiquetar este rexistro!

MARC

LEADER 00000nam a2200000 a 4500
001 UCK2747
003 CL-VaPUC
008 050318e20030000AG |||||||||||||||||spa|d
020 |a 9500424606 
082 0 4 |a 808.86  |b KAW  |2 21 
100 |a Kawabata, Yasunari  |e author  |9 585220 
700 |a Mishima, Yukio  |e autor  |9 405654 
245 1 0 |a Correspondencia: 1945-1970 
250 |a 1a. ed 
300 |a 253 p 
942 |c BK 
945 |d 20050318 00:00:00  |a cmena 
260 |a Buenos Aires  |b Emecé  |c 2003 
650 0 |a Correspondencia  |9 258963 
650 7 |a ESCRITORES JAPONESES  |2 CL-VaPUC  |9 490716 
583 |a last modification  |c 20050318 00:00:00  |k Rodrigo Vera 
490 0 |a Cornucopia 
999 |c 312205  |d 312203 
952 |0 0  |1 0  |4 0  |6 808_860000000000000_KAW_2003  |7 0  |8 A  |9 382120  |a BIBEDU  |b BIBEDU  |d 2019-11-21  |i 4098625  |l 1  |o 808.86 KAW 2003  |p 4098625  |r 2024-04-02  |s 2024-03-22  |w 2019-11-21  |y BK  |k LIT